Supernatural Pilot Episode Quiz - Statistics

General Stats
  • This quiz has been taken 1,151 times
  • The average score is 4 of 10
Answer Stats
Hint Answer % Correct
What was the name of Sam's girlfriend? Jessica
99%
What does the woman in white ask her victims to do? Take her home
60%
What was on Sam's girlfriend's shirt when Dean meets her? The Smurfs
59%
Who wrote this episode? Eric Kripke
34%
What was the name of the woman in white? Constance Welch
24%
What town did the boys travel to in search of their dad? Jericho
22%
What do the police reveal to Dean after being arrested? His dad's journal
21%
How does Sam get Dean out of jail? Fake 911 call
19%
What message did John leave for Dean? Dean 35-111
7%
Who directed this episode? David Nutter
6%
No matching quizzes found
Score Distribution
Percent of People with Each Score
Percentile by Number Answered
Your Score History
You have not taken this quiz